| 000 | 01810 a2200217 4500 | ||
|---|---|---|---|
| 020 | _a1565923472 | ||
| 020 | _a1565923472 | ||
| 040 |
_aDLC _bDLC |
||
| 100 | 1 | _aNewham, Cameron. | |
| 245 | 1 | 0 |
_aLearning the bash Shell _cCameron Newham and Bill Rosenblatt. |
| 250 | _a2nd ed., rev. & updated. | ||
| 260 |
_aCambridge, [England] ; _bSesbastopol, [Calif.] : _bO'Reilly, _cc1998. |
||
| 300 |
_axvi, 318 p. : _bill. ; _c24 cm. |
||
| 500 | _aIncludes index. | ||
| 520 | 1 | _a"Learning the bash Shell, Second Edition, is the definitive guide to bash, the Free Software Foundation's "Bourne Again Shell." It's a freely available replacement for the popular UNIX Bourne shell, and is also the shell of choice for Linux users around the world."--BK JACKET. "You'll find this guide valuable whether you're interested in bash as a user interface or for its powerful programming capabilities. It will teach you how to use bash's advanced command-line features, like command history, command-line editing, and command completion."--BK JACKET. "This book also introduces shell programming, a skill no UNIX or Linux user should be without. The book demonstrates what you can do with bash's programming features. You'll learn about flow control, signal handling, and command-line processing and I/O. There is also a chapter on debugging your bash programs."--BK JACKET. "Finally, Learning the bash Shell, Second Edition, shows you how to acquire, install, configure, and customize bash, and gives advice to system administrators managing bash for their user community."--BK JACKET. | |
| 650 | 0 | _aUser interfaces (Computer systems) | |
| 700 | 1 | _aRosenblatt, Bill. | |
| 710 | 2 | _aNetLibrary, Inc. | |
| 856 | 4 | 1 | _uhttp://libproxy1.nus.edu.sg/login?url=http://www.lib.nus.edu.sg/asp/eb.asp?ID=1132 |
| 942 |
_cBK _k005.438 NEW _2ddc |
||
| 999 |
_c6229 _d6229 |
||